Brassens - Je suis un voyou - Statistiques

Statistiques générales
  • Ce quiz a été pris 150 fois
    140 depuis la dernière actualisation
  • Le résultat moyen est 257 sur 334
Statistiques - réponses
Paroles % Correct
je
97%
Je
97%
suis
95%
Un
95%
un
95%
voyou
95%
voyou.
95%
Le
94%
le
94%
à
92%
A
92%
de
92%
la
92%
La
92%
92%
m'a
92%
me
90%
en
87%
J'ai
86%
j'ai
86%
mon
86%
Mon
86%
que
86%
Une
86%
une
86%
ça
84%
tu
84%
et
83%
Et,
83%
les
83%
Les
83%
ou
83%
"par
83%
sa
83%
au
81%
comme
81%
des
81%
es
81%
Qui
81%
qui
81%
se
81%
âme
79%
c'est
79%
Dieu
79%
dit
79%
dit,
79%
Elle
79%
elle
79%
m'en,
79%
m'en
79%
pardonne
79%
peu
79%
son
79%
bon
78%
fille
78%
faire
76%
fous
76%
Madonne"
76%
Mais
76%
pour
76%
Pour
76%
Qu'il
76%
qu'il
76%
ai
75%
dans
75%
fais
75%
laissé
75%
Margot
75%
Margot,
75%
non
75%
peine
75%
ton
75%
amour
73%
corsage
73%
déjà
73%
est
73%
filles,
73%
leur
73%
portrait
73%
bel
71%
c'était
71%
C'était
71%
D'ailleurs
71%
D'ailleurs,
71%
d'un
71%
long
71%
qu'est-ce
71%
déesse
70%
jamais.
70%
J'lui
70%
sabots
70%
sans
70%
ses
70%
avoir
68%
moi
68%
perdu
68%
plus
68%
routes
68%
vrai
68%
eux
67%
fleurs,
67%
qu'elles
67%
sévère
67%
si
67%
vêtue
67%
avant
65%
défendus
65%
Deux
65%
doute
65%
fruits
65%
lait
65%
marmots
65%
mère
65%
soi
65%
temps,
65%
tété
65%
trois
65%
feraient
63%
goût
63%
laine
63%
lèvres
63%
n'y
63%
s'mettaient
63%
songer.
63%
Tramontane
63%
tramontane
63%
voulu
63%
allait
62%
encore
62%
Longtemps
62%
princesse
62%
savoir
62%
triste
62%
trouvant
62%
veux-tu
62%
amoureux
60%
coeur
60%
genoux
60%
l'avoir
60%
marcher
60%
perdant
60%
pleurent
60%
Reste
60%
robe
60%
ancienne
59%
bouche,
59%
chacun
59%
croqué
59%
doit
59%
dure
59%
fond
59%
histoire
59%
j'étais
59%
l'heure
59%
vêpres
59%
auprès
57%
contre
57%
déchiré
57%
d'une
57%
épousa,
57%
mettre
57%
mignonne
57%
peut
57%
souvenir
57%
tenais
57%
bigot
56%
coups
56%
grand
56%
j'aimais
56%
Madone
56%
Puis,
56%
fantôme,
54%
siennes
54%
alors
52%
Ci-gît
52%
faux
52%
mordu
52%
sage
49%
auc
6%
Aucun quiz correspondant
Distribution des résultats
% des personnes avec chaque résultat
Percentile par nombre de réponses
Votre historique - résultats
Vous n’avez pas pris ce quiz depuis la dernière actualisation